000 00345nam a2200133 i 4500
001 bg
100 1 _aMANDELSTAM, L. J.
245 0 _aLekcii po optike, teorii otnositelnosti i kvantowoj mechanike /
_cL.J. Mandelstam.
260 _aMoskva,
_c1972.
040 _cBPK
041 _apol
942 _cKS
008 s pl f |000 0 pol
999 _c14328
_d14328
856 _uhttp://koha.tu.koszalin.pl/cgi-bin/koha/opac-detail.pl?biblionumber=14328
_yKatalog online BPK